header

August Wilson's Fences (Record no. 144123)

MARC details
000 -LEADER
fixed length control field 01364nam a2200373 a 4500
082 04 - DEWEY DECIMAL CLASSIFICATION NUMBER
Classification number 812.54
100 1# - MAIN ENTRY--AUTHOR NAME
Personal name Menson-Furr, Ladrica C.
245 10 - TITLE STATEMENT
Title August Wilson's Fences
260 ## - PUBLICATION, DISTRIBUTION, ETC. (IMPRINT)
Place of publication London ;
-- New York :
Name of publisher Continuum,
Year of publication c2008.
300 ## - PHYSICAL DESCRIPTION
Number of Pages vii, 107 p.
490 1# - SERIES STATEMENT
Series statement Continuum modern theatre guides
856 40 - ELECTRONIC LOCATION AND ACCESS
Uniform Resource Identifier http://site.ebrary.com/lib/rucke/Doc?id=10427272

No items available.

© 2026 Rongo University
Contact us: librarian | system librarian | Rongo university